Obtaining Ceramic Based on Si3N4 and TiN by Spark Plasma Sintering; Glass and Ceramics; Vol. 72, iss. 9
| Parent link: | Glass and Ceramics Vol. 72, iss. 9.— 2016.— [P. 381–386] |
|---|---|
| Autore principale: | |
| Ente Autore: | |
| Altri autori: | , |
| Riassunto: | Title screen The dependences of the microstructure and physical-mechanical properties of Si3N4-TiN-based ceramic in a wide range of mass ratios of the components are examined. The sintering process and the accompanying physical and chemical processes, viz. the dependence of the hardness and density of the material on the ratios of the conducting phase of titanium nitride and the dielectric phase of silicon nitride with values above and below the percolation threshold, are examined. A ceramic based on pure titanium nitride with high physical-mechanical characteristics (H = 21.5 GPa) is obtained. Режим доступа: по договору с организацией-держателем ресурса |
| Lingua: | inglese |
| Pubblicazione: |
2016
|
| Soggetti: | |
| Accesso online: | http://dx.doi.org/10.1007/s10717-016-9794-y |
| Natura: | MixedMaterials Elettronico Capitolo di libro |
| KOHA link: | https://koha.lib.tpu.ru/cgi-bin/koha/opac-detail.pl?biblionumber=651416 |
MARC
| LEADER | 00000naa0a2200000 4500 | ||
|---|---|---|---|
| 001 | 651416 | ||
| 005 | 20250320140527.0 | ||
| 035 | |a (RuTPU)RU\TPU\network\16665 | ||
| 035 | |a RU\TPU\network\15748 | ||
| 090 | |a 651416 | ||
| 100 | |a 20161111d2016 k||y0rusy50 ba | ||
| 101 | 0 | |a eng | |
| 102 | |a US | ||
| 135 | |a drcn ---uucaa | ||
| 181 | 0 | |a i | |
| 182 | 0 | |a b | |
| 200 | 1 | |a Obtaining Ceramic Based on Si3N4 and TiN by Spark Plasma Sintering |f A. A. Evdokimov, A. A. Sivkov, D. Yu. Gerasimov | |
| 203 | |a Text |c electronic | ||
| 300 | |a Title screen | ||
| 320 | |a [References: p. 385-386 (16 tit.)] | ||
| 330 | |a The dependences of the microstructure and physical-mechanical properties of Si3N4-TiN-based ceramic in a wide range of mass ratios of the components are examined. The sintering process and the accompanying physical and chemical processes, viz. the dependence of the hardness and density of the material on the ratios of the conducting phase of titanium nitride and the dielectric phase of silicon nitride with values above and below the percolation threshold, are examined. A ceramic based on pure titanium nitride with high physical-mechanical characteristics (H = 21.5 GPa) is obtained. | ||
| 333 | |a Режим доступа: по договору с организацией-держателем ресурса | ||
| 461 | |t Glass and Ceramics | ||
| 463 | |t Vol. 72, iss. 9 |v [P. 381–386] |d 2016 | ||
| 610 | 1 | |a электронный ресурс | |
| 610 | 1 | |a труды учёных ТПУ | |
| 610 | 1 | |a искровое спекание | |
| 610 | 1 | |a плазменное спекание | |
| 610 | 1 | |a керамика | |
| 700 | 1 | |a Evdokimov |b A. A. |c Specialist in the field of electric power engineering |c Laboratory assistant of Tomsk Polytechnic University |f 1987- |g Andrey Anatolievich |3 (RuTPU)RU\TPU\pers\32275 |9 16264 | |
| 701 | 1 | |a Sivkov |b A. A. |c Specialist in the field of electric power engineering |c Professor of Tomsk Polytechnic University, Doctor of technical sciences |f 1951- |g Aleksandr Anatolyevich |3 (RuTPU)RU\TPU\pers\32273 |9 16262 | |
| 701 | 1 | |a Gerasimov |b D. Yu. |c Specialist in the field of electric power engineering |c Associate Professor of Tomsk Polytechnic University, Candidate of technical sciences |f 1980- |g Dmitry Yurievich |3 (RuTPU)RU\TPU\pers\32276 |9 16265 | |
| 712 | 0 | 2 | |a Национальный исследовательский Томский политехнический университет |b Энергетический институт |b Кафедра электроснабжения промышленных предприятий |3 (RuTPU)RU\TPU\col\18676 |9 27129 |
| 801 | 2 | |a RU |b 63413507 |c 20161207 |g RCR | |
| 856 | 4 | |u http://dx.doi.org/10.1007/s10717-016-9794-y | |
| 942 | |c CF | ||